La mariposa del café de la plaza /

Guardat en:
Dades bibliogràfiques
Autor principal: Montale, Eugenio (autor)
Format: Llibre
Idioma:espanyol
Publicat: Barcelona, España : Argos Vergara, 1976, c1976
Matèries:
Etiquetes: Afegir etiqueta
Sense etiquetes, Sigues el primer a etiquetar aquest registre!

MARC

LEADER 00000nam^a2200000^a^4500
001 000190900
005 20250521000000.0
009 20260310102506.961
020 |a 84-7017-134-8 
025 |a Donación Lourdes Sierra, 1 ejemplar 
037 |a Acervo ITESO - Biblioteca 
041 |a ESP 
082 |a 858.  |b MON 
100 |a Montale, Eugenio  |e (autor) 
245 1 3 |a La mariposa del café de la plaza /  |c E. Montale ; tr. por E. Molina Campos. 
264 4 |a Barcelona, España :  |b Argos Vergara,  |c 1976, c1976 
300 |a 248 p. 
336 |a texto  |b txt  |2 rdacontenido 
337 |a sin mediación  |b n  |2 rdamedio 
338 |a volumen  |b nc  |2 rdasoporte 
500 |a Traducción de: Farfalla di dinard 
545 0 |a El escritor italiano Eugenio Montale (Génova, 1896-Milán, 1981), uno de los más importantes poetas del siglo XX, Premio Nobel de Literatura en 1975, fue soldado durante la Guerra Europea, se negó a colaborar con el fascismo y ayudó a los resistentes clandestinos durante la Segunda Guerra Mundial; al término de ésta trabajó en la prensa y en casas editoriales, donde publicó numerosos artículos; fue traductor de las obras de Shakespeare, Corneille, Marlowe, Melville, Steinbeck, Faulkner y Ellitot, entre otros. Considerado uno de los fundadores del hermetismo italiano de entreguerras, su estilo, descarnado y esencial, está cargado de símbolos y alusiones; su poesía es breve, de sintaxis rebuscada; aunque está apegada a cosas y hechos concretos, es sugestiva para muchas posibles lecturas. La obra de Montale ofrece una visión personal de la crisis del hombre contemporáneo; por ello, entre sus temas recurrentes se encuentran el sentimiento de cansancio y soledad, así como la desconfianza en la vida y en la utilidad de luchar. Algunas de sus obras en poesía son: Huesos de sepia (1925), Las ocasiones (1939), El vendaval y otras cosas (1956), Satura (1971), Diario del '71 y del '72 (1973); su obra en prosa (relatos, ensayos, comentarios) está recogida en La mariposa del café de la plaza (1956), Auto de fe (1966) y Fuera de casa (1975). 
586 |a Premio Nobel de Literatura 1975 
649 |a XX 
650 |a Cuentos Italianos 
650 |a Ensayos Italianos 
650 |a Literatura Italiana -  |y Siglo XX 
910 |a Fondo General 
920 |a Impresos - Libros 
930 |a Colección General 
940 |a Literatura 
905 |a 101 
901 |a 0500134147  |b IT1  |c LIT  |i D  |u 20250521 
902 |a https://opac.biblio.iteso.mx/vufind/Record/000190900